Lead times (Record no. 81260)
[ view plain ]
| 000 -LEADER | |
|---|---|
| fixed length control field | 00786cab a22001935a 4500 |
| 001 - CONTROL NUMBER | |
| control field | L146711 |
| 008 - FIXED-LENGTH DATA ELEMENTS--GENERAL INFORMATION | |
| fixed length control field | 090218e20090206xxkd f 000 0 eng d |
| 035 ## - SYSTEM CONTROL NUMBER | |
| System control number | (Sirsi) u146711 |
| 041 0# - LANGUAGE CODE | |
| Language code of text/sound track or separate title | eng |
| 100 1# - MAIN ENTRY--PERSONAL NAME | |
| Personal name | Moone, Brian |
| 245 00 - TITLE STATEMENT | |
| Title | Lead times |
| Remainder of title | November 08-January 2009 |
| 260 ## - PUBLICATION, DISTRIBUTION, ETC. | |
| Date of publication, distribution, etc. | 2009 |
| 490 #0 - SERIES STATEMENT | |
| Series statement | Building |
| Volume/sequential designation | 274(8565) 6 February 2009, 55-56 (2) |
| 520 ## - SUMMARY, ETC. | |
| Summary, etc. | Reports that some contractors are reducing lead times to levels not experienced since 2003. This is done as a reaction to having less workload, a result of the recession. Gives details of lead times for various products including piling, concrete works, structural steel frames, cladding and roofing. |
| 590 ## - LOCAL NOTE (RLIN) | |
| Local note | KA |
| 651 #4 - SUBJECT ADDED ENTRY--GEOGRAPHIC NAME | |
| Geographic name | United Kingdom |
| Chronological subdivision | |
| 690 ## - LOCAL SUBJECT ADDED ENTRY--TOPICAL TERM (OCLC, RLIN) | |
| Topical term or geographic name as entry element | BUILT ENVIRONMENT-BUILDING ELEMENTS |
| 942 ## - ADDED ENTRY ELEMENTS (KOHA) | |
| Suppress in OPAC | 0 |
| Withdrawn status | Lost status | Source of classification or shelving scheme | Damaged status | Not for loan | Home library | Current library | Shelving location | Date acquired | Total Checkouts | Full call number | Barcode | Date last seen | Copy number | Price effective from | Koha item type |
|---|---|---|---|---|---|---|---|---|---|---|---|---|---|---|---|
| Dewey Decimal Classification | London | London | Journal article | 18/02/2009 | L146711 | 146711-1001 | 06/08/2019 | 1 | 06/08/2019 | Journal article |